Operations management: Sustainability and Supply Chain Management / (Record no. 407)

000 -LEADER
fixed length control field 00518 a2200169 4500
008 - FIXED-LENGTH DATA ELEMENTS--GENERAL INFORMATION
fixed length control field 220929b ||||| |||| 00| 0 eng d
020 ## - INTERNATIONAL STANDARD BOOK NUMBER
International Standard Book Number 9789332548985
082 00 - DEWEY DECIMAL CLASSIFICATION NUMBER
Classification number 658.5
Item number H4738
100 ## - MAIN ENTRY--PERSONAL NAME
Personal name Heizer, Jay
245 ## - TITLE STATEMENT
Title Operations management: Sustainability and Supply Chain Management /
250 ## - EDITION STATEMENT
Edition statement 11th ed.
260 ## - PUBLICATION, DISTRIBUTION, ETC. (IMPRINT)
Place of publication, distribution, etc Noida:
Name of publisher, distributor, etc Pearson Education,
Date of publication, distribution, etc 2015.
300 ## - PHYSICAL DESCRIPTION
Extent xxviii, 658 p.+I16 p.
650 #0 - SUBJECT ADDED ENTRY--TOPICAL TERM
Topical term or geographic name as entry element Production management
700 ## - ADDED ENTRY--PERSONAL NAME
9 (RLIN) 5262
Personal name Render, Barry
942 ## - ADDED ENTRY ELEMENTS (KOHA)
Source of classification or shelving scheme
Item type Books
Holdings
Withdrawn status Lost status Source of classification or shelving scheme Damaged status Not for loan Permanent location Current location Date acquired Source of acquisition Cost, normal purchase price Total Checkouts Total Renewals Full call number Barcode Date last seen Date last borrowed Cost, replacement price Koha item type
          IMU Kolkata IMU Kolkata 2017-04-26 Jyoti, the Book People 525.00 1 2 658.5 H4738 12518 2023-12-15 2023-10-30 750.00 Books
          IMU Kolkata IMU Kolkata 2017-09-07 Trio Enterprises 551.25 1   658.5 H4738 12804 2025-12-02 2025-07-11 750.00 Books
          IMU Kolkata IMU Kolkata 2017-09-07 Trio Enterprises 551.25     658.5 H4738 12805 2019-10-14   750.00 Books
          IMU Kolkata IMU Kolkata 2017-09-07 Trio Enterprises 551.25     658.5 H4738 12806 2019-10-14   750.00 Books
          IMU Kolkata IMU Kolkata 2017-09-07 Trio Enterprises 551.25     658.5 H4738 12807 2019-10-14   750.00 Books
          IMU Kolkata IMU Kolkata 2017-09-07 Trio Enterprises 551.25 3 2 658.5 H4738 12808 2023-12-11 2023-12-08 750.00 Books
          IMU Kolkata IMU Kolkata 2017-04-26 Jyoti, the Book People 551.25     658.5 H4738 12515 2020-01-08   750.00 Books
          IMU Kolkata IMU Kolkata 2017-04-26 Jyoti, the Book People 551.25     658.5 H4738 12516 2020-01-08   750.00 Books
          IMU Kolkata IMU Kolkata 2017-04-26 Jyoti, the Book People 551.25     658.5 H4738 12517 2020-01-08   750.00 Books
          IMU Kolkata IMU Kolkata 2017-04-26 Jyoti, the Book People 551.25     658.5 H4738 12519 2020-01-08   750.00 Books
          IMU Kolkata IMU Kolkata 2017-03-14 B. Bross & Co. 551.25     658.5 H4738 12029 2020-01-20   750.00 Books
Designed and Maintained by IMU-KC Library, Kolkata Campus © Copyright All Rights Reserved

webs counters

Powered by Koha